000 00550nam a22001937a 4500
003 OSt
005 20251009020943.0
008 251009b |||||||| |||| 00| 0 eng d
020 _a 978-1-111-34976-9
040 _aDWCL-Admin lib
_cOC
082 _aCirc. 372.4 L786 2010
100 _aWaring, Rob
245 _aLiving legends
_cRob Waring
260 _aSingapore:
_bCengage learning ,
_cc2010
300 _a84 p. : col.ill. ;
_c21 cm + 1CD-ROM
650 _a1. Reading comprehension.
650 _a2. Reading.
942 _2ddc
_cBK-CIRC
_mCirc.
_n0
999 _c4747
_d4747